000 02546cam a2200313 4500500
005 20260208002628.0
041 _afre
042 _adc
100 1 0 _aAleksic, Kassia
_eauthor
700 1 0 _aHayem, Judith
_eauthor
700 1 0 _aKaouès, Fatiha
_eauthor
245 0 0 _a‪Palestine and imageries of struggle‪
260 _c2026.
500 _a6
520 _a‪In this article, the editors articulate the positioning they have adopted for this issue, whose contributions were assembled while war and genocide were unfolding in Palestine. They subsequently examine the imageries of struggle and the major sequences of resistance that have punctuated the Palestinian people’s historical struggle, which, in their view, constitute an indispensable historical framework for reading this issue. In light of these orientations, the introduction synthetically presents the arguments of the various articles assembled here. The initial contributions describe the struggles of Palestinians in Palestine and in the diaspora, including through artistic creation; others attest to the diversity of forms and expressions that support for the Palestinian cause assumes across various countries globally.‪
520 _aDans cet article, les coordinatrices indiquent le positionnement qui a été le leur pour ce numéro, dont les textes ont été réunis alors que guerre et génocide se déployaient en Palestine. Elles évoquent ensuite les imaginaires de lutte et les grandes séquences de résistance qui ont rythmé le combat du peuple palestinien, ce qui, à leurs yeux, constitue un cadrage historique indispensable à la lecture du numéro. En regard de ces orientations, l’introduction présente de manière synthétique les arguments des différents articles réunis ici. Les premiers décrivent les luttes des Palestiniens en Palestine et dans la diaspora, y compris au travers de la création artistique ; les autres attestent de la diversité de formes et d’expression que prend le soutien à la cause palestinienne dans divers pays du globe.
690 _aguerre
690 _aimaginaires
690 _alibertés académique
690 _aluttes
690 _aPalestine
690 _aacademic freedom
690 _aimaginaries
690 _aPalestine
690 _astruggles
690 _awar
786 0 _nJournal des anthropologues | 182-183 | 2 | 2026-02-02 | p. 17a-32 | 1156-0428
856 4 1 _uhttps://shs.cairn.info/revue-journal-des-anthropologues-2025-2-page-17a?lang=en&redirect-ssocas=7080
999 _c1646678
_d1646678